[Event "Padron op 5th"]
[Site "Padron"]
[Date "2004.08.28"]
[Round "9"]
[White "Arevalillo Romero, Sergio"]
[Black "Moldovan, Daniel"]
[Result "0-1"]
[WhiteElo "2047"]
[BlackElo "2431"]
[PlyCount "138"]
[EventDate "2004.08.20"]
[EventType "swiss"]
[EventRounds "9"]
[EventCountry "ESP"]
[SourceTitle "EXT 2005"]
[Source "ChessBase"]
[SourceDate "2004.11.15"]
[SourceVersion "1"]
[SourceVersionDate "2004.11.15"]
[SourceQuality "1"]

1. e4 c5 2. Nc3 Nc6 3. Nge2 g6 4. d4 cxd4 5. Nxd4 Bg7 6. Be3 Nf6 7. Nb3 0-0 8. Be2 a6 9. a4 d6 10. 0-0 Be6 11. Nd4 Nxd4 12. Bxd4 Qa5 13. Re1 Rfd8 14. Bf3 Rac8 15. Nd5 Bxd5 16. exd5 Re8 17. c3 Nd7 18. Bxg7 Kxg7 19. Bg4 f5 20. Bf3 Qc5 21. Rc1 Ne5 22. b4 Qa7 23. Be2 Nd7 24. Qd3 Nf6 25. Bf3 a5 26. Qb5 Rc7 27. Re6 Qa6 28. Be2 Qxb5 29. Bxb5 Rec8 30. Rce1 Nxd5 31. c4 Rxc4 32. Bxc4 Rxc4 33. bxa5 Rxa4 34. f3 Kf7 35. R6e2 Rxa5 36. Rd2 Rc5 37. Ra1 h5 38. Kf2 Kf6 39. Ra7 b6 40. Ra8 Kf7 41. Rb8 b5 42. Rb7 b4 43. g3 g5 44. Rb8 g4 45. Rh8 Nf6 46. Rb2 Rc3 47. fxg4 hxg4 48. Rxb4 Rc2+ 49. Kg1 Ne4 50. Rb7 Ng5 51. Rb1 Nf3+ 52. Kh1 d5 53. Rb7 Kg7 54. Rh5 Re2 55. Rb5 Kg6 56. Rh8 d4 57. Rd5 e6 58. Rdd8 Kf6 59. Rh6+ Ke7 60. Rhh8 Kf6 61. Rh6+ Ke7 62. Rhh8 Rc2 63. Rc8 Rd2 64. Rce8+ Kd6 65. Rh6 Re2 66. Rd8+ Kc5 67. Rc8+ Kd5 68. Rh7 e5 69. Ra8 Ke4 0-1